| 000 | 00000nam 2200000za 4500 |
| 001 | 9.839902 |
| 003 | CaOODSP |
| 005 | 20221107151719 |
| 007 | cr ||||||||||| |
| 008 | 170718q2011 onc |o f|0| 0 eng d |
| 040 | |aCaOODSP|beng |
| 043 | |an-cn--- |
| 086 | 1 |aHP15-31/2011E-PDF |
| 245 | 00|aCurbing childhood obesity |h[electronic resource] : |ba federal, provincial and territorial framework for action to promote healthy weights. |
| 246 | 17|aCurbing childhood obesity: |ba F/P/T framework for action to promote healthy weights. |
| 260 | |a[Ottawa : |bPublic Health Agency Canada, |c2011] |
| 300 | |a4 p. |
| 500 | |aIssued also in French under title: Freiner l'obésité juvénile : cadre d'action fédéral, provincial et territorial pour la promotion du poids santé. |
| 500 | |aCover title. |
| 520 | |a"Canada is a country that creates and maintains the conditions for healthy weights so that children can have the healthiest possible lives."--Vision, p. 2 |
| 692 | 07|2gccst|aObesity |
| 692 | 07|2gccst|aChildren's health |
| 692 | 07|2gccst|aHealth promotion |
| 710 | 2 |aPublic Health Agency of Canada. |
| 775 | 08|tFreiner l’obésité juvénile |w(CaOODSP)9.839907 |
| 856 | 40|qPDF|s138 KB|uhttps://publications.gc.ca/collections/collection_2017/aspc-phac/HP15-31-2011-eng.pdf |